| 000 | 00550nam a22002177a 4500 | ||
|---|---|---|---|
| 003 | OSt | ||
| 005 | 20140310183028.0 | ||
| 008 | 130218t xxu||||| |||| 00| 0 eng d | ||
| 020 | _a9789712356711 | ||
| 050 |
_aQA159.2. _b.S161 2010 |
||
| 082 |
_aFIL 512 _bS3 2010 |
||
| 245 |
_aCollege algebra. _cSalazar, Douglas A. |
||
| 260 |
_aManila _bRex Book Store _cc2010 |
||
| 300 |
_a 324 p. _c26 cm. |
||
| 521 | _acollege students | ||
| 526 | _c1210L-1700L | ||
| 541 | _j1 | ||
| 541 | _j2 | ||
| 562 | _e2 | ||
| 942 |
_2lcc _cBK _kFIL |
||
| 999 |
_c18419 _d18419 |
||